Estudio de factibilidad para el diseño de un sistema de registro de llamadas para atender pedidos de clientes del supermercado la Colonia por la vía telefónica e Internet

Este documento presenta la propuesta de diseño de un sistema de registro de control de llamadas para atender pedidos de clientes de un supermercado por la vía telefónica de y por Internet.

Bibliographic Details
Main Authors: Machado Gutiérrez, Freddy J., Castillo Pérez, Claudia S
Other Authors: Tutor:
Format: Tesis Section = Libro
Language:Undetermined
Spanish
Published: Managua UNI 2010
Subjects:
LEADER 01063nam a2200241Ia 4500
008 240830s9999 xx 000 0 und d
040 |a BIBLIOTECA-RUSB/ T.Mon 384.6 M149 
041 |a spa 
082 |a T.Mon 384.6 M149 
100 1 |a Machado Gutiérrez, Freddy J. 
100 1 |b  Castillo Pérez, Claudia S 
245 1 0 |a Estudio de factibilidad para el diseño de un sistema de registro de llamadas para atender pedidos de clientes del supermercado la Colonia por la vía telefónica e Internet 
260 |a Managua  |b UNI  |c 2010 
300 |a 51 p. :il. 
502 |a Tesis (Ingeniero en Computación e Ingeniero Electrónico) - UNI, 2010. 
520 3 |a Este documento presenta la propuesta de diseño de un sistema de registro de control de llamadas para atender pedidos de clientes de un supermercado por la vía telefónica de y por Internet. 
650 7 |a TELEFONÍA - SISTEMA DE CONTROL - LLAMADAS 
650 7 |b  INTERFASE TELEFÓNICA 
650 7 |c  CONTROL DE FACTURACIÓN 
700 1 |a Tutor: 
942 |c BK  |2 ddc 
991 |a TESIS 
999 |c 21798